000 00606cam a22002411 4500
001 sa 68020057
003 DLC
005 20260227112722.0
008 940602q19009999ce b 000 0 sino
010 _asa 68020057
025 _aPL480:C-499
035 _a(OCoLC)30538414
040 _aDLC
_cCU
_dCU
_dDLC
042 _apremarc
050 0 0 _aPK2850
_b.P3
100 1 _aPannakitti, Kotahene.
245 1 0 _aSāhitya kathā.
260 _c[19-
300 _av. in
_c19 cm.
500 _aIn Sinhalese.
504 _aIncludes bibliographies.
650 0 _aSinhalese literature
_xHistory and criticism.
999 _c89225
_d89225